| 000 | 00732nam a2200241Ia 4500 | ||
|---|---|---|---|
| 003 | OSt | ||
| 005 | 20221007072711.0 | ||
| 006 | a|||||r|||| 00| 0 | ||
| 007 | ta | ||
| 008 | 221006b |||||||| |||| 00| 0 eng d | ||
| 024 | _a27,454 | ||
| 037 | _cReports / Technical Reports | ||
| 040 |
_aFLL _cFLL _beng |
||
| 041 |
_2eng _aeng |
||
| 082 | _aZ654:5:9, K3 | ||
| 100 |
_aBrett Lionel _9691235 |
||
| 245 | 0 | _aCriminal law and procedure of Lagos, Eastern Nigeria and Western Nigeria | |
| 260 |
_aLondon _bSweet & Maxwell UK _c1963 |
||
| 300 |
_alxxii,992p _ccm. |
||
| 700 |
_a Mclean Ian _9152564 |
||
| 942 |
_hZ654:5:9, K3 _cREP _2CC |
||
| 999 |
_c1146753 _d1146753 |
||